| 000 | 00484nam a2200157 4500 | ||
|---|---|---|---|
| 999 |
_c5422 _d5422 |
||
| 008 | 161102b xxu||||| |||| 00| 0 eng d | ||
| 022 | _a9770118389007 | ||
| 082 | _aDPer 641.05 F73 Mar-Nov 2012 | ||
| 100 |
_916709 _aSamson, Tintin |
||
| 245 |
_aPerfectly grilled at red roof grill/ _cTintin Samson. |
||
| 260 |
_aQuezon City: _bABS CBN Publishing, Inc., _c©2012. |
||
| 300 |
_apage 37; _c30 cm. |
||
| 500 | _aFood. | ||
| 650 | 0 |
_916711 _aBarbecue cooking |
|
| 942 |
_2ddc _cPER |
||